<?xml version="1.0" encoding="UTF-8"?><?xml-stylesheet type="text/xsl" href="static/style.xsl"?><OAI-PMH xmlns="http://www.openarchives.org/OAI/2.0/" xmlns:xsi="http://www.w3.org/2001/XMLSchema-instance" xsi:schemaLocation="http://www.openarchives.org/OAI/2.0/ http://www.openarchives.org/OAI/2.0/OAI-PMH.xsd"><responseDate>2026-04-13T07:13:32Z</responseDate><request verb="GetRecord" identifier="oai:www.recercat.cat:10256/22245" metadataPrefix="marc">https://recercat.cat/oai/request</request><GetRecord><record><header><identifier>oai:recercat.cat:10256/22245</identifier><datestamp>2024-05-22T11:33:46Z</datestamp><setSpec>com_2072_452966</setSpec><setSpec>com_2072_2054</setSpec><setSpec>col_2072_452968</setSpec></header><metadata><record xmlns="http://www.loc.gov/MARC21/slim" xmlns:dcterms="http://purl.org/dc/terms/" xmlns:xsi="http://www.w3.org/2001/XMLSchema-instance" xmlns:doc="http://www.lyncode.com/xoai" xsi:schemaLocation="http://www.loc.gov/MARC21/slim http://www.loc.gov/standards/marcxml/schema/MARC21slim.xsd">
   <leader>00925njm 22002777a 4500</leader>
   <datafield ind2=" " ind1=" " tag="042">
      <subfield code="a">dc</subfield>
   </datafield>
   <datafield ind2=" " ind1=" " tag="720">
      <subfield code="a">Fernández González, Jonah</subfield>
      <subfield code="e">author</subfield>
   </datafield>
   <datafield ind2=" " ind1=" " tag="260">
      <subfield code="c">2019-09-01</subfield>
   </datafield>
   <datafield ind2=" " ind1=" " tag="520">
      <subfield code="a">L'objectiu d'aquest projecte és desenvolupar una algorisme de detecció i seguiment&#xd;
d'objectes pel dron DJI Matrice 100, mitjançant l'ordinador d'abord Manifold connectat a la&#xd;
càmara a color Zenmuse X3, que posteriorment, s'aplicarà en missions de rescat amb&#xd;
gossos. Un portàtil executarà un escriptori remot, on es podran visualitzar totes les variables&#xd;
del dron i les imatges de la càmera després de passar per l'algorisme de detecció i&#xd;
seguiment.&#xd;
Es desenvoluparà, mitjançant tècniques de visió artificial, un algorisme de tractament de la&#xd;
imatge capaç de distingir un objecte en moviment i realitzar el seu seguiment de manera&#xd;
automàtica. D'aquesta manera, el dron s'anirà posicionant a sobre de l'objecte en qüestió i&#xd;
l'operari podrà visualitzar en tot moment el seguiment</subfield>
   </datafield>
   <datafield ind2=" " ind1=" " tag="520">
      <subfield code="a">The aim of this project is to develop a detection and tracking algorithm&#xd;
of objects by the DJI Matrice 100 drone, using the Manifold on-board computer connected to the&#xd;
color camera Zenmuse X3, which later, will be applied in rescue missions with&#xd;
dogs. A laptop will run a remote desktop, where all variables can be viewed&#xd;
of the drone and the camera images after passing through the detection algorithm and&#xd;
Tracking.&#xd;
Using artificial vision techniques, a treatment algorithm will be developed&#xd;
image capable of distinguishing a moving object and performing its tracking in a way&#xd;
automatic In this way, the drone will be positioned above the object in question and&#xd;
the operator will be able to view the monitoring at all times</subfield>
   </datafield>
   <datafield ind1="8" ind2=" " tag="024">
      <subfield code="a">http://hdl.handle.net/10256/22245</subfield>
   </datafield>
   <datafield tag="653" ind2=" " ind1=" ">
      <subfield code="a">Algorismes</subfield>
   </datafield>
   <datafield tag="653" ind2=" " ind1=" ">
      <subfield code="a">Algorithms</subfield>
   </datafield>
   <datafield tag="653" ind2=" " ind1=" ">
      <subfield code="a">Avions no tripulats</subfield>
   </datafield>
   <datafield tag="653" ind2=" " ind1=" ">
      <subfield code="a">Drone aircraft</subfield>
   </datafield>
   <datafield ind2="0" ind1="0" tag="245">
      <subfield code="a">Detecció i seguiment d'un objecte amb el dron DJI Matrice 100</subfield>
   </datafield>
</record></metadata></record></GetRecord></OAI-PMH>